Spojení roadshow a veletrhu
Netradičná účasť spoločnosti IBM Česká republika na brnenskom veľtrhu Invex. Prezentácia spoločnosti v kamióne s názvom IBM Systems Truck. Široké možnosti marketingovej komunikácie. Využitie rôznych marketingových nástrojov.
Saved in:
| Main Author: | |
|---|---|
| Format: | Book Chapter |
| Language: | Czech |
| Subjects: | |
| Tags: |
No Tags, Be the first to tag this record!
|
MARC
| LEADER | 00000naa$a2200000$$$4500 | ||
|---|---|---|---|
| 001 | 0051925 | ||
| 005 | 20231016105213.4 | ||
| 041 | 0 | |a cze | |
| 044 | |a CZ | ||
| 245 | 1 | 0 | |a Spojení roadshow a veletrhu |c Andrea Bartoňová |
| 520 | |a Netradičná účasť spoločnosti IBM Česká republika na brnenskom veľtrhu Invex. Prezentácia spoločnosti v kamióne s názvom IBM Systems Truck. Široké možnosti marketingovej komunikácie. Využitie rôznych marketingových nástrojov. | ||
| 610 | 2 | 0 | |a komunikácia masová |
| 610 | 2 | 0 | |a propagácia |
| 610 | 2 | 0 | |a veľtrhy |
| 610 | 2 | 0 | |a nástroje marketingové |
| 610 | 2 | 0 | |a komunikácia marketingová |
| 610 | 2 | 0 | |a technológie informačné |
| 610 | 2 | 0 | |a technológie komunikačné |
| 610 | 2 | 0 | |a spoločnosti |
| 100 | 1 | |a Bartoňová, Andrea | |